MARC

LEADER 00000nam0a2200000 4500
001 74219
005 20231031085048.0
035 |a (RuTPU)RU\TPU\book\79156 
090 |a 74219 
100 |a 20050301d1952 k y0rusy50 ca 
101 1 |a rus  |c eng 
102 |a RU 
105 |a a z 001zy 
200 1 |a Химическая переработка нефти  |e перевод с английского  |f Р. Гольдштейн  |g Под ред. В. И. Исагулянца 
210 |a Москва  |c Изд-во иностранной литературы  |d 1952 
215 |a 400 с.  |c ил.  |e черт., 4 л. схем 
300 |a Доп. тит. лист на англ. языке 
320 |a Библиография в конце глав. 
610 1 |a химическая промышленность 
610 1 |a нефть 
610 1 |a нефтепереработка 
610 1 |a нефтяные углеводороды 
610 1 |a парафины 
610 1 |a олефины 
610 1 |a диолефины 
610 1 |a нафтены 
610 1 |a ароматические углеводороды 
610 1 |a ацетилен 
610 1 |a альдегиды 
610 1 |a кетоны 
610 1 |a кислоты 
610 1 |a нитрилы 
610 1 |a амины 
610 1 |a нефтеперерабатывающая промышленность 
610 1 |a нефтехимическое производство 
675 |a 665.52  |v 3 
700 1 |a Гольдштейн  |b Р. 
702 1 |a Исагулянц  |b В. И.  |4 340 
801 1 |a RU  |b 63413507  |c 20050301  |g PSBO 
801 2 |a RU  |b 63413507  |c 20190122  |g PSBO 
942 |c BK